Statistics for MCU QUOTES

Click here to take the quiz!

General Stats

  • This quiz has been taken 143 times
    (133 since last reset)
  • The average score is 13 of 25

Answer Stats

HintAnswer% Correct
I am Iron ManIron Man
100%
I am inevitableThanos
92%
I am GrootGroot
91%
On your leftCaptain America / Falcon
88%
That means “get lost”, Squidward!Iron Man
79%
I’m Mary Poppins, y’all!Yondu Udonta
77%
Can you move your seat up?Winter Soldier / Bucky
73%
I was lost. Yondu found meT’Challa Star-Lord
69%
No, I don’t think I willSteve Rogers / Captain America
63%
Like FootlooseStar-Lord / Quill
56%
Hiya Champ! How was school today?Hank Pym
54%
What, you wanted more?Wong
53%
Clint, give it to me!Black Panther
52%
I am Iron Man? You think you’re the only superhero in the world?Nick Fury
49%
That’s just a little Rock Paper Scissors joke for you!Korg
46%
Yes, please use knifes!Mantis
38%
Ah, the boyfriendThanos
37%
I think it worked!Ant-Man
35%
I swear, I didn’t shoot!Hawkeye
31%
My amygdala is syntheticVision
28%
You know what they say, “when you’re out of luck, just go duck!”Howard the Duck
26%
Listen to your mom, she knows bestHulk / Smart Hulk
26%
Thor, son of OdinSurtur
19%
I accept your surrenderThor
14%
One down, five to goThe Collector / Taneleer Tivan
12%

Score Distribution

Percentile by Number Answered

Percent of People with Each Score

Your Score History

You have not taken this quiz since the last reset